Gaming Quiz

Random Gaming or Clickable Quiz
Score 0/40 Timer 04:00
9 Plays Today
% Correct
Auto
92.7%
Man
92.7%
Birds
92.1%
Donkey
92%
Sonic
91.9%
Mortal
91.7%
Mario
91.7%
Assassin's
91.4%
Space
90.4%
Warfare
89.8%
Legend
89.8%
Guitar
89.7%
World
89.5%
Final
89.4%
Sports
89.2%
Skater
89.1%
Batman
87.9%
Persia
87.8%
Left
87.3%
Gran
86%
% Correct
Street
85.2%
Russia
83.9%
War
83.9%
Trail
82.4%
Half
82.3%
Dragon
81.7%
Solid
80.5%
Redemption
80%
Republic
79.9%
Ratchet
79.3%
Banjo
78.7%
Legends
77.9%
Empires
77.7%
Company
74.7%
Skyrim
73.1%
Super
70.2%
Halo
69.7%
Shadow
66.4%
Vegas
65.7%
Source
53.1%
Remove Ads.
Support Sporcle.
Get the best of Sporcle when you Go Orange. This ad-free experience offers more features, more stats, and more fun while also helping to support Sporcle. Thank you for becoming a member.

You're not logged in!

Compare scores with friends on all Sporcle quizzes.
OR
Log In

Show Comments

Extras

Top Quizzes Today


Score Distribution

Your Account Isn't Verified!

In order to create a playlist on Sporcle, you need to verify the email address you used during registration. Go to your Sporcle Settings to finish the process.

Report this User

Report this user for behavior that violates our Community Guidelines.

Details: